| 000 | 00451nam a2200157Ia 4500 | ||
|---|---|---|---|
| 008 | 210210b1969 xxu||||| |||| 00| 0 eng d | ||
| 082 | _a828 COLL | ||
| 100 | _a- | ||
| 245 | _aCollected works of Mahatma Gandhi. V1-70.V44 Jul-Dec 1930. | ||
| 260 |
_aN D _bPublication Division Ministry of Information & Broadcasting _c1969 |
||
| 300 | _axxxi,497 | ||
| 440 | _a44 | ||
| 650 | _aMahatma Gandhi | ||
| 690 | _aEnglish Miscellaneous | ||
| 906 | _aSG00346 | ||
| 999 |
_c111660 _d111660 |
||